|
|
แสดงรายละเอียดบรรณานุกรม |
|
|
Brief Record
: Get Marc (ISO 2709)
: E-mail record
: |
| LEADER 00000nama 2200000uu 4500 | |||
| 001 184031 | |||
| 003 ULIBM | |||
| 008 040531s2542 th m m a000 0 tha d | |||
| 020 974-87158-8-4 | |||
| 041 tha | |||
| 050 WM430 ป451ก 2542 | |||
| 100 ปราโมทย์ เชาว์ศิลป์ | |||
| 245 กลุ่มจิตบำบัดสำหรับคนไข้ใน 001 | |||
| 246 จิตเวชศาสตร์ ผู้ป่วย | |||
| 250 2 | |||
| 260 กรุงเทพฯ สมาคมจิตแพทย์แห่งประเทศไทย 2542 | |||
| 300 344 หน้า | |||
| 650 จิตบำบัด | |||
| 998 2001-01-28 | |||
| คุณยังไม่ได้ล็อกอิน คุณสามารถมีกิจกรรมร่วมกับเว็บไซต์ได้ แต่ต้องล็อกอินก่อน :: |
|
| สถานะ | |||||||||
| 1. | หนังสือทั่วไป | WM430 ป451ก 2542 | On Shelf ขอยืม | ||||||
| 2. | หนังสือทั่วไป | WM430 ป451ก 2542 | On Shelf ขอยืม | ||||||
| [แสดง 2/2 รายการ] | |||||||||
BibComment |
| คอมเมนท์ทรัพยากรรายการนี้ |
|
|